000 01229nam a2200325Ia 4500
003 OSt
005 20251114102813.0
008 210210b2018 xxu||||| |||| 00| 0 eng d
040 _cAL
041 _aeng
082 _a305.56K KANH
100 _aKANCHA AILAYYA
_9128698
_dಕಾಂಚಾ ಐಲಯ್ಯ
245 _aHindu dharmottara bharata:
_bಹಿಂದೂ ಧರ್ಮೋತ್ತರ ಭಾರತ
260 _aGadaga
_bLadayi Prakashana
_c2018
300 _axvi,269
520 _aHindu dharmottara bharata: samajika dharmika vaijnanika kshetragalalli dalita bahujanara kranti ಹಿಂದೂ ಧರ್ಮೋತ್ತರ ಭಾರತ : ಸಾಮಾಜಿಕ ಧಾರ್ಮಿಕ ವೈಜ್ಞಾನಿಕ ಕ್ಷೇತ್ರಗಳಲ್ಲಿ ದಲಿತ ಬಹುಜನರ ಕ್ರಾಂತಿ
650 _avaijnanika
_9128699
650 _asamajika
_9128700
650 _akshetragalalli
_9128701
650 _akranti
_9128702
650 _aHindu
_9128703
650 _adharmottara
_9128704
650 _adharmika
_9128705
650 _adalita
_9128706
650 _abharata:
_9128707
650 _abahujanara
_9128708
690 _aSocial Groups
_9128709
906 _a073079
942 _2ddc
_cBK
999 _c122849
_d122849